000 00603nam a22002171 4500
001 sa 67000246
003 DLC
005 20260227112313.0
008 850322s1963 ii a 00010 eng
010 _asa 67000246 //r85
020 _cRs1.85.
025 _aPL480:I-E-6947
040 _aDLC/ICU
_cICU
043 _aa-ii---
050 0 _aQE51
_b.I5
110 2 0 _aIndian Museum.
245 1 2 _aA guide to the geological galleries of the Indian Museum, Calcutta.
260 0 _aCalcutta,
_bBoard of Trustees, Indian Museum
_c[1963]
300 _a48 p.
_billus.
_c22 cm.
650 0 _aGeological museums.
999 _c71850
_d71850